Holiday Quiz

Random Holiday or Lyrics Quiz

Christmas Songs by Second Line Quiz Stats

 Plays Quiz Updated Oct 17, 2017

Score 0/20 Timer 06:00
15 Plays Today
Second Line Song Title % Correct
In a one horse open sleighJingle Bells
91.5%
All is calm, all is brightSilent Night
87.3%
Just like the ones I used to knowWhite Christmas
87.2%
You better not crySanta Claus is Coming to Town
87.2%
With a corncob pipe and a button noseFrosty the Snowman
86.5%
A new-born king to see, pa rum pum pum pumLittle Drummer Boy
84.3%
In the lane, snow is glisteningWinter Wonderland
81.1%
But the fire is so delightfulLet It Snow! Let It Snow! Let It Snow!
80.8%
Jingle bells swing and jingle bells ringJingle Bell Rock
77.2%
Fa la la la la la la la laDeck the Halls
73.5%
Second Line Song Title % Correct
Comet and Cupid and Donner and BlitzenRudolph the Red-Nosed Reindeer
73.4%
Jack Frost nipping at your noseThe Christmas Song
63.7%
I've been an awful good girlSanta Baby
59.5%
Let your heart be lightHave Yourself a Merry Little Christmas
51.2%
At the Christmas party hopRockin' Around the Christmas Tree
50.5%
There's just one thing I needAll I Want for Christmas Is You
42.9%
Ring-ting-tingling tooSleigh Ride
37%
With the kids jingle bellingIt's the Most Wonderful Time of the Year
35.1%
The spirit's upWonderful Christmastime
21.2%
There's no need to be afraidDo They Know It's Christmas
13.2%

You're not logged in!

Compare scores with friends on all Sporcle quizzes.
OR
Log In

Sporcle TV

Today on Sporcle TV


Watch our educational content, quiz creation guides, and fun videos on Sporcle TV.

Show Comments

Extras

Top Quizzes Today


Score Distribution

Your Account Isn't Verified!

In order to create a playlist on Sporcle, you need to verify the email address you used during registration. Go to your Sporcle Settings to finish the process.

Report this User

Report this user for behavior that violates our Community Guidelines.

Details: